000 00968cam a2200265 a 4500
001 000010647
005 20200929162249.0
008 960430s1995 mx b 001 0 spa
020 _a9589061842
040 _aDO-SdBNP
_cDLC
043 _as-bo---
082 _a523.12
_bH557i
100 1 _aHernéndez, Camilo Antonio.
_925777
245 1 0 _aIdeas y prácticas ambientales del pueblo embera del Choco /
_cCamilo Antonio Hernández ; edición, Martha Cárdenas, Hernán Darío Correa.
260 _aSantafé de Bogotá :
_bColcultura :
_bCerec,
_c1995.
300 _a159 p. ;
_c21 cm.
504 _aIncluye referencias bibliográficas (p. [158] -159).
650 4 _aCosmogonía
_919467
650 4 _aEmbera
_aVida social y costumbres
_925778
650 4 _aChocoes
_zColombia
_xVida social y costumbres
_925779
700 1 _aCárdenas, Martha
_eed.
_925780
700 1 _aDarío Correa, Hernán
_eed.
_925781
910 _aCatalogación por copia / LC
049 _aBNGR
999 _c10404
_d10404